[Event "Wch Juvenil 2013 sub-16"]
[Site "Al-Ain UAE"]
[Date "2013.12.21"]
[Round "5.66"]
[White "Cofre Archibold, Nestor"]
[Black "Taalaibekov, Tagir"]
[Result "0-1"]
[WhiteElo "1966"]
[BlackElo "1927"]
[PlyCount "47"]
[EventDate "2013.12.19"]
[EventType "swiss"]
[EventRounds "11"]
[EventCountry "UAE"]
[Source "lmi"]
[SourceDate "2013.12.19"]

1. e4 c5 2. Nf3 e6 3. d4 cxd4 4. Nxd4 a6 5. Bd3 Qc7 6. Nc3 Nc6 7. Nxc6 bxc6 8.
Qe2 Bd6 9. h4 Ne7 10. h5 Bb7 11. Bd2 c5 12. g3 Nc6 13. f4 Nd4 14. Qf2 Qb6 15.
O-O-O Rb8 16. Be3 Bc6 17. b3 f5 18. h6 g6 19. exf5 gxf5 20. Rhe1 Ke7 21. Bc4
Kf6 22. Ne2 Nf3 23. Bxc5 Qa5 24. Kb1 0-1

[Event "Wch Juvenil 2013 sub-16"]
[Site "Al-Ain UAE"]
[Date "2013.12.22"]
[Round "6.4"]
[White "Karthikeyan, Murali"]
[Black "Stathopoulos, Ioannis"]
[Result "1-0"]
[WhiteElo "2431"]
[BlackElo "2297"]
[PlyCount "77"]
[EventDate "2013.12.19"]
[EventType "swiss"]
[EventRounds "11"]
[EventCountry "UAE"]
[Source "lmi"]
[SourceDate "2013.12.19"]

1. e4 c5 2. Nf3 d6 3. d4 cxd4 4. Nxd4 Nf6 5. Nc3 a6 6. Be3 e6 7. Be2 Nbd7 8. f4
b5 9. Bf3 Bb7 10. e5 Bxf3 11. Qxf3 b4 12. exf6 bxc3 13. fxg7 Bxg7 14. b3 O-O
15. O-O Rc8 16. f5 Qe7 17. Rad1 Nf6 18. Bg5 Rc5 19. Qg3 Kh8 20. Qh4 e5 21. Ne2
d5 22. Rd3 Rfc8 23. Rh3 Kg8 24. Kh1 Kf8 25. Ng3 Qd6 26. Nh5 Nxh5 27. Qxh5 Bf6
28. Qg4 Bxg5 29. Qxg5 f6 30. Qh6+ Ke8 31. Qxh7 R8c7 32. Qg8+ Kd7 33. Rh8 Kc6
34. Qa8+ Rb7 35. Qxa6+ Rb6 36. Qa8+ Rb7 37. b4 Rcb5 38. a4 Rxb4 39. Rc8+ 1-0

[Event "Wch Juvenil 2013 sub-16"]
[Site "Al-Ain UAE"]
[Date "2013.12.22"]
[Round "6.20"]
[White "Ibrahim, Sultan"]
[Black "Tran, Tuan Minh"]
[Result "1/2-1/2"]
[WhiteElo "1954"]
[BlackElo "2330"]
[PlyCount "115"]
[EventDate "2013.12.19"]
[EventType "swiss"]
[EventRounds "11"]
[EventCountry "UAE"]
[Source "lmi"]
[SourceDate "2013.12.19"]

1. d4 Nf6 2. c4 e6 3. Nf3 c5 4. d5 b5 5. Bg5 exd5 6. cxd5 Qa5+ 7. Nc3 Ne4 8.
Qd3 Nxg5 9. Nxg5 Be7 10. h4 h6 11. Nge4 c4 12. Qd4 O-O 13. g4 Bb7 14. g5 h5 15.
Nf6+ Bxf6 16. gxf6 Qb6 17. Qxb6 axb6 18. fxg7 Kxg7 19. Rg1+ Kf6 20. Rg5 Ra5 21.
Ne4+ Ke7 22. Re5+ Kd8 23. Nd6 Kc7 24. Nxb7 Kxb7 25. e4 Na6 26. a3 Nc5 27. Rd1
Raa8 28. f3 f5 29. exf5 Rae8 30. Rxe8 Rxe8+ 31. Kd2 Rf8 32. Bh3 Nd3 33. Rg1 Nf4
34. Bg4 Kc7 35. Ke3 Nxd5+ 36. Ke4 Kd6 37. Kd4 Rg8 38. Ke4 Re8+ 39. Kd4 Re3 40.
Bxh5 Rd3+ 41. Ke4 Nf6+ 42. Kf4 Nxh5+ 43. Kg5 Ng7 44. Kg6 Nxf5 45. Kxf5 Rxf3+
46. Kg6 Rf2 47. h5 Rxb2 48. h6 Rh2 49. h7 Ke6 50. Re1+ Kd5 51. Re8 c3 52. h8=Q
Rxh8 53. Rxh8 Kc4 54. Kf5 d5 55. Ke5 d4 56. Rc8+ Kd3 57. Rc7 Ke3 58. Rc6
1/2-1/2

[Event "Wch Juvenil 2013 sub-16"]
[Site "Al-Ain UAE"]
[Date "2013.12.22"]
[Round "6.28"]
[White "Valkama, Eero"]
[Black "Reshef, Omer"]
[Result "1-0"]
[WhiteElo "1960"]
[BlackElo "2253"]
[PlyCount "87"]
[EventDate "2013.12.19"]
[EventType "swiss"]
[EventRounds "11"]
[EventCountry "UAE"]
[Source "lmi"]
[SourceDate "2013.12.19"]

1. e4 c5 2. Nf3 d6 3. Bb5+ Nd7 4. d4 Ngf6 5. O-O cxd4 6. Qxd4 e5 7. Qd3 h6 8.
c4 Be7 9. Nc3 O-O 10. Bxd7 Bxd7 11. Rd1 Be6 12. b3 a6 13. a4 Rc8 14. Ba3 Qa5
15. Ne1 Nd7 16. Nc2 Nc5 17. Bxc5 Qxc5 18. Ne3 Bg5 19. Ncd5 a5 20. Nf5 Kh8 21.
Nc3 Rc6 22. h4 Bf6 23. g3 Bd8 24. Nb5 Bb6 25. Ra2 Re8 26. Nfxd6 Rd8 27. Rad2
Rd7 28. Qe2 g6 29. Qf3 Kg8 30. Ne8 Rxd2 31. Rxd2 Qe7 32. Nf6+ Kg7 33. Nd5 Bxd5
34. exd5 Rf6 35. d6 Qd7 36. Qd5 Qf5 37. c5 Bd8 38. Qxb7 g5 39. h5 Qb1+ 40. Kg2
Qxb3 41. Qe4 Re6 42. c6 f5 43. Qd5 Qb4 44. c7 1-0

[Event "Wch Juvenil 2013 sub-16"]
[Site "Al-Ain UAE"]
[Date "2013.12.22"]
[Round "6.38"]
[White "Dale, Ari"]
[Black "Neagu, Mihai-Cosmin"]
[Result "1/2-1/2"]
[WhiteElo "2289"]
[BlackElo "2069"]
[PlyCount "92"]
[EventDate "2013.12.19"]
[EventType "swiss"]
[EventRounds "11"]
[EventCountry "UAE"]
[Source "lmi"]
[SourceDate "2013.12.19"]

1. d4 Nf6 2. c4 e6 3. Nc3 Bb4 4. e3 O-O 5. Nge2 d5 6. a3 Bd6 7. c5 Be7 8. Ng3
b6 9. b4 a5 10. Rb1 axb4 11. axb4 bxc5 12. bxc5 Nc6 13. Bb5 Qd7 14. Qe2 Bb7 15.
O-O Ra7 16. Rd1 Rfa8 17. e4 dxe4 18. Ngxe4 Ba6 19. Bxa6 Rxa6 20. Bf4 Qc8 21.
Rb3 Ra1 22. Qd3 Nxe4 23. Nxe4 Rxd1+ 24. Qxd1 e5 25. Bxe5 Nxe5 26. dxe5 Qf5 27.
Ng3 Qxe5 28. c6 Bc5 29. Qf3 Qe1+ 30. Nf1 g6 31. Rb2 Re8 32. Qd3 Qe4 33. Qxe4
Rxe4 34. Rc2 Bd4 35. g3 Kf8 36. Kg2 Ke7 37. Rd2 Be5 38. Ne3 Rd4 39. Rc2 Ke6 40.
Kf3 f5 41. Nc4 Rd3+ 42. Ne3 Kd6 43. h4 Rc3 44. Rxc3 Bxc3 45. h5 Kxc6 46. hxg6
hxg6 1/2-1/2

[Event "Wch Juvenil 2013 sub-16"]
[Site "Al-Ain UAE"]
[Date "2013.12.22"]
[Round "6.50"]
[White "Taalaibekov, Tagir"]
[Black "Ghvamberia, Nika"]
[Result "0-1"]
[WhiteElo "1927"]
[BlackElo "2086"]
[PlyCount "34"]
[EventDate "2013.12.19"]
[EventType "swiss"]
[EventRounds "11"]
[EventCountry "UAE"]
[Source "lmi"]
[SourceDate "2013.12.19"]

1. d4 Nf6 2. c4 e6 3. Nf3 b6 4. a3 Ba6 5. Qa4 c5 6. Bf4 Bb7 7. e3 Be7 8. Nbd2
O-O 9. Be2 cxd4 10. exd4 d5 11. O-O Nc6 12. Rfd1 h6 13. h3 Qc8 14. Rac1 dxc4
15. Bxc4 Nd5 16. Bg3 a6 17. Ne5 b5 0-1

[Event "Wch Juvenil 2013 sub-16"]
[Site "Al-Ain UAE"]
[Date "2013.12.22"]
[Round "6.53"]
[White "Ouaret, Abdelouhab"]
[Black "Daskalov, Dimitar"]
[Result "0-1"]
[WhiteElo "1868"]
[BlackElo "2156"]
[PlyCount "93"]
[EventDate "2013.12.19"]
[EventType "swiss"]
[EventRounds "11"]
[EventCountry "UAE"]
[Source "lmi"]
[SourceDate "2013.12.19"]

1. Nf3 Nf6 2. g3 g6 3. Bg2 Bg7 4. c4 O-O 5. O-O d6 6. d4 Nbd7 7. Nc3 e5 8. e3
Re8 9. Qb3 c6 10. Rd1 Qc7 11. a4 a5 12. Qc2 Nb8 13. b3 Na6 14. Ba3 Nb4 15. Qd2
Bf5 16. Bxb4 axb4 17. Ne2 c5 18. dxe5 dxe5 19. Qd6 Qxd6 20. Rxd6 Bc2 21. Nc1
Rad8 22. Rxd8 Rxd8 23. Ne1 Rd1 24. Kf1 Bd3+ 25. Ncxd3 Rxa1 26. Bxb7 Nd7 27. e4
Bf8 28. Bc6 Nb8 29. Bd5 Bd6 30. f4 exf4 31. e5 Be7 32. Nxf4 Rb1 33. e6 f5 34.
Nfd3 Kf8 35. Ne5 Rxb3 36. Nc6 Nxc6 37. Bxc6 Rb1 38. Ke2 b3 39. Nd3 b2 40. a5
Re1+ 41. Nxe1 b1=Q 42. Bb5 Qa2+ 43. Ke3 Bg5+ 44. Kf3 Qxa5 45. Nd3 Qd2 46. Nf4
Bxf4 47. gxf4 0-1

[Event "Wch Juvenil 2013 sub-16"]
[Site "Al-Ain UAE"]
[Date "2013.12.22"]
[Round "6.54"]
[White "Foo, William J"]
[Black "Shumskis, Aleksandrs"]
[Result "1/2-1/2"]
[WhiteElo "2144"]
[BlackElo "1849"]
[PlyCount "88"]
[EventDate "2013.12.19"]
[EventType "swiss"]
[EventRounds "11"]
[EventCountry "UAE"]
[Source "lmi"]
[SourceDate "2013.12.19"]

1. e4 c5 2. Nf3 e6 3. d4 cxd4 4. Nxd4 a6 5. Nc3 Qc7 6. g3 Nf6 7. Bg2 Bb4 8.
Nde2 O-O 9. O-O Bc5 10. Bf4 e5 11. Bg5 Be7 12. Bxf6 Bxf6 13. Nd5 Qd8 14. Nec3
Bg5 15. f4 exf4 16. gxf4 Bh6 17. Qh5 d6 18. Rad1 Nc6 19. e5 dxe5 20. fxe5 Qg5
21. Qxg5 Bxg5 22. Nc7 Rb8 23. e6 Bxe6 24. Nxe6 fxe6 25. Rxf8+ Kxf8 26. Bxc6
bxc6 27. b3 Ke7 28. Kf2 Rb4 29. Ne2 Bf6 30. h3 h5 31. Kf3 g5 32. c4 Rb8 33. Ng3
Rh8 34. Ne4 a5 35. Nc5 Rf8 36. Kg2 Kf7 37. Rd6 Rc8 38. Rd7+ Kg6 39. Ne4 Be5 40.
Ra7 Kf5 41. Nc5 Bd4 42. Rxa5 Bxc5 43. Rxc5+ Kf4 44. h4 Ra8 1/2-1/2

[Event "Wch Juvenil 2013 sub-16"]
[Site "Al-Ain UAE"]
[Date "2013.12.22"]
[Round "6.68"]
[White "Choi, Ian"]
[Black "Minald, Andrey"]
[Result "0-1"]
[WhiteElo "1655"]
[BlackElo "1848"]
[PlyCount "68"]
[EventDate "2013.12.19"]
[EventType "swiss"]
[EventRounds "11"]
[EventCountry "UAE"]
[Source "lmi"]
[SourceDate "2013.12.19"]

1. d4 f5 2. Nc3 e6 3. Bf4 Bb4 4. e3 Nf6 5. Bd3 b6 6. Nge2 Bb7 7. a3 Bxc3+ 8.
Nxc3 O-O 9. O-O d6 10. Ne2 Kh8 11. c4 Nbd7 12. Bg3 Qe7 13. Rc1 Rae8 14. d5 Nc5
15. Nd4 Nfe4 16. Bxe4 fxe4 17. b4 Nd3 18. Nxe6 Nxc1 19. Nxf8 Qxf8 20. Qxc1 b5
21. Rd1 h5 22. h3 h4 23. Bh2 Qf6 24. Rf1 bxc4 25. Qxc4 Qf5 26. b5 Rf8 27. Qe2
Bxd5 28. Rc1 Kg8 29. a4 Bb3 30. a5 Qd5 31. Qg4 Qd2 32. Rf1 Bc4 33. Qd1 Rxf2 34.
Re1 Rxg2+ 0-1

[Event "Wch Juvenil 2013 sub-16"]
[Site "Al-Ain UAE"]
[Date "2013.12.23"]
[Round "7.11"]
[White "Bluebaum, Matthias"]
[Black "Barros Rivadeneira, Cristhian"]
[Result "1-0"]
[WhiteElo "2529"]
[BlackElo "2243"]
[PlyCount "115"]
[EventDate "2013.12.19"]
[EventType "swiss"]
[EventRounds "11"]
[EventCountry "UAE"]
[Source "lmi"]
[SourceDate "2013.12.19"]

1. d4 Nf6 2. c4 g6 3. Nc3 Bg7 4. e4 d6 5. Nf3 O-O 6. Be2 e5 7. Be3 c6 8. d5 Ng4
9. Bg5 f6 10. Bh4 c5 11. O-O Na6 12. Ne1 h5 13. h3 Nh6 14. a3 Qe7 15. Nd3 Bd7
16. Rb1 g5 17. Bg3 g4 18. Bh4 Qe8 19. Nb5 f5 20. Nxd6 Qg6 21. Nxf5 Bxf5 22.
exf5 Nxf5 23. Bg3 Nxg3 24. fxg3 gxh3 25. Nf2 e4 26. Bxh5 Qxg3 27. Qg4 Qxg4 28.
Nxg4 Bd4+ 29. Kh2 hxg2 30. Kxg2 Rxf1 31. Rxf1 Rf8 32. Nh6+ Kg7 33. Nf5+ Kh7 34.
b3 Nb8 35. Nd6 Rg8+ 36. Kh3 e3 37. Nf5 Nd7 38. Rf4 Be5 39. Re4 Rg1 40. Be8 e2
41. Rxe2 Rh1+ 42. Kg2 Rh2+ 43. Kf3 Rxe2 44. Kxe2 Nf6 45. d6 Kg8 46. d7 Bc7 47.
Nd6 b6 48. Nb5 Bd8 49. Nxa7 Kf8 50. Kf3 Nxe8 51. dxe8=Q+ Kxe8 52. Ke4 Kd7 53.
Kd5 Bf6 54. Nc6 Bb2 55. a4 Kc7 56. a5 Kb7 57. axb6 Kxb6 58. Ne5 1-0

[Event "Wch Juvenil 2013 sub-16"]
[Site "Al-Ain UAE"]
[Date "2013.12.23"]
[Round "7.17"]
[White "Brown, Michael William"]
[Black "Valkama, Eero"]
[Result "1-0"]
[WhiteElo "2272"]
[BlackElo "1960"]
[PlyCount "97"]
[EventDate "2013.12.19"]
[EventType "swiss"]
[EventRounds "11"]
[EventCountry "UAE"]
[Source "lmi"]
[SourceDate "2013.12.19"]

1. d4 Nf6 2. c4 e6 3. Nc3 Bb4 4. e3 O-O 5. Nge2 d5 6. a3 Bd6 7. c5 Be7 8. b4 b6
9. Nf4 c6 10. Be2 bxc5 11. bxc5 Nbd7 12. Qa4 Qc7 13. Bd2 a5 14. O-O Ne4 15.
Nxe4 dxe4 16. Bc4 e5 17. Ne2 Kh8 18. Ng3 f5 19. Qc2 g6 20. Bc3 Bf6 21. Rad1 Ba6
22. Qe2 Bxc4 23. Qxc4 Bg7 24. Ne2 exd4 25. Bxd4 Ne5 26. Bxe5 Bxe5 27. g3 Rfd8
28. Nd4 Rd5 29. Nb5 Qd8 30. Nd6 Bxd6 31. Rxd5 cxd5 32. Qd4+ Be5 33. Qxe5+ Kg8
34. Rd1 Rc8 35. Qe6+ Kf8 36. Rxd5 Qe8 37. Qf6+ Qf7 38. Rd8+ Rxd8 39. Qxd8+ Qe8
40. Qf6+ Qf7 41. Qd8+ Qe8 42. Qf6+ Qf7 43. Qd4 Qe6 44. Qh8+ Ke7 45. Qxh7+ Kd8
46. Qa7 Qd5 47. Qxa5+ Kc8 48. Qa6+ Kc7 49. Qd6+ 1-0

[Event "Wch Juvenil 2013 sub-16"]
[Site "Al-Ain UAE"]
[Date "2013.12.23"]
[Round "7.29"]
[White "Stremavicius, Titas"]
[Black "Todorovic, Nenad I"]
[Result "1-0"]
[WhiteElo "2279"]
[BlackElo "2125"]
[PlyCount "89"]
[EventDate "2013.12.19"]
[EventType "swiss"]
[EventRounds "11"]
[EventCountry "UAE"]
[Source "lmi"]
[SourceDate "2013.12.19"]

1. d4 Nf6 2. c4 e6 3. Nc3 Bb4 4. e3 O-O 5. Nge2 d5 6. a3 Be7 7. Ng3 c5 8. dxc5
dxc4 9. Qxd8 Rxd8 10. Nge4 Nxe4 11. Nxe4 Nd7 12. c6 Ne5 13. cxb7 Bxb7 14. Nc3
Nd3+ 15. Bxd3 cxd3 16. f3 Rab8 17. Bd2 Ba8 18. b4 a5 19. b5 Bh4+ 20. Kd1 Bf6
21. Rb1 Rdc8 22. Rb3 Rc4 23. Ne4 Bxe4 24. fxe4 a4 25. Rb4 Rxb4 26. Bxb4 Rxb5
27. Kd2 Bb2 28. Kxd3 Bxa3 29. Bc3 Bb2 30. Rb1 a3 31. Bxb2 g5 32. Kc3 Rxb2 33.
Rxb2 axb2 34. Kxb2 Kg7 35. Kc3 f6 36. Kd4 Kf7 37. e5 Ke7 38. exf6+ Kxf6 39. g4
Kf7 40. Kc5 Ke7 41. Kc6 Kf8 42. Kd6 Kf7 43. e4 Kf6 44. e5+ Kf7 45. Kd7 1-0

[Event "Wch Juvenil 2013 sub-16"]
[Site "Al-Ain UAE"]
[Date "2013.12.23"]
[Round "7.53"]
[White "Chandran, Kapil"]
[Black "Taalaibekov, Tagir"]
[Result "1-0"]
[WhiteElo "2171"]
[BlackElo "1927"]
[PlyCount "63"]
[EventDate "2013.12.19"]
[EventType "swiss"]
[EventRounds "11"]
[EventCountry "UAE"]
[Source "lmi"]
[SourceDate "2013.12.19"]

1. e4 e6 2. d4 d5 3. Nc3 Nf6 4. Bg5 Be7 5. e5 Nfd7 6. h4 h6 7. Be3 c5 8. Qg4
Kf8 9. f4 cxd4 10. Bxd4 Nc5 11. O-O-O Nc6 12. Nf3 a6 13. Kb1 Bd7 14. h5 b5 15.
Bxc5 Bxc5 16. Bd3 Nb4 17. Be2 Rc8 18. Rh3 Bf2 19. f5 Qa5 20. a3 Nc6 21. Nxd5
exf5 22. Qf4 Be6 23. Nd2 Ba7 24. Rd3 Ne7 25. Nxe7 Kxe7 26. Qh4+ f6 27. Rg3 Qb6
28. Rxg7+ Bf7 29. Bf3 Kf8 30. exf6 Qe6 31. Nb3 a5 32. Bd5 1-0

[Event "Wch Juvenil 2013 sub-16"]
[Site "Al-Ain UAE"]
[Date "2013.12.24"]
[Round "8.31"]
[White "Barros Rivadeneira, Cristhian"]
[Black "Tominga, Eke"]
[Result "1-0"]
[WhiteElo "2243"]
[BlackElo "2064"]
[PlyCount "87"]
[EventDate "2013.12.19"]
[EventType "swiss"]
[EventRounds "11"]
[EventCountry "UAE"]
[Source "lmi"]
[SourceDate "2013.12.19"]

1. c4 e6 2. Nc3 d5 3. d4 Be7 4. Nf3 Nf6 5. Bg5 O-O 6. e3 h6 7. Bxf6 Bxf6 8. Qc2
c6 9. O-O-O Nd7 10. g4 g6 11. h4 Bg7 12. Kb1 Qe7 13. cxd5 exd5 14. Bd3 b6 15.
h5 g5 16. Bf5 Re8 17. Rhe1 Nf6 18. Ne5 Bxf5 19. Qxf5 Qe6 20. Qxe6 Rxe6 21. Rg1
Ne4 22. Nxe4 dxe4 23. Nc4 Rd8 24. Nd2 Rd5 25. Nf1 f5 26. gxf5 Rxf5 27. Rd2 Rd5
28. Rc2 c5 29. dxc5 Rd1+ 30. Rc1 Rxc1+ 31. Kxc1 Rc6 32. Ng3 Rxc5+ 33. Kb1 g4
34. Rh1 Rb5 35. b3 Be5 36. Nxe4 Rb4 37. Nd2 g3 38. f4 Bc3 39. Nc4 b5 40. Nd6
Bd2 41. Rg1 Kf8 42. Rxg3 Be1 43. Rg6 Bf2 44. Re6 1-0

[Event "Wch Juvenil 2013 sub-16"]
[Site "Al-Ain UAE"]
[Date "2013.12.24"]
[Round "8.45"]
[White "Balaji, Ananthanarayanan"]
[Black "Petr, Jan"]
[Result "0-1"]
[WhiteElo "1973"]
[BlackElo "2151"]
[PlyCount "94"]
[EventDate "2013.12.19"]
[EventType "swiss"]
[EventRounds "11"]
[EventCountry "UAE"]
[Source "lmi"]
[SourceDate "2013.12.19"]

1. d4 Nf6 2. Nf3 g6 3. g3 Bg7 4. Bg2 O-O 5. O-O d6 6. c4 Nbd7 7. Nc3 e5 8. dxe5
dxe5 9. e4 Qe7 10. Qe2 c6 11. Rd1 Nc5 12. b3 Ne6 13. Bb2 Nd7 14. Na4 b6 15. Qd2
c5 16. Qd5 Rb8 17. Qd2 Nd4 18. Nc3 Bb7 19. Nd5 Bxd5 20. exd5 h6 21. Re1 Qd6 22.
Rad1 b5 23. Nxd4 exd4 24. b4 bxc4 25. bxc5 Qxc5 26. Bxd4 c3 27. Qf4 Bxd4 28.
Rxd4 Rfc8 29. Bh3 c2 30. Bxd7 Rb1 31. Rde4 Rxe1+ 32. Rxe1 c1=Q 33. Rxc1 Qxc1+
34. Qxc1 Rxc1+ 35. Kg2 Kf8 36. Ba4 Ke7 37. h4 Kd6 38. Bb3 a5 39. Kf3 Re1 40.
Kf4 Re5 41. Kg4 a4 42. f4 Re4 43. Bc2 Rc4 44. Bd3 Rc3 45. Bb5 Ra3 46. Be8 f5+
47. Kh3 Rxa2 0-1

[Event "Wch Juvenil 2013 sub-16"]
[Site "Al-Ain UAE"]
[Date "2013.12.24"]
[Round "8.47"]
[White "Hui, Jeremy"]
[Black "Machan, Jan"]
[Result "0-1"]
[WhiteElo "1914"]
[BlackElo "2147"]
[PlyCount "204"]
[EventDate "2013.12.19"]
[EventType "swiss"]
[EventRounds "11"]
[EventCountry "UAE"]
[Source "lmi"]
[SourceDate "2013.12.19"]

1. e4 c5 2. Nf3 d6 3. Bb5+ Bd7 4. Bxd7+ Qxd7 5. c4 Nf6 6. Nc3 Nc6 7. d4 cxd4 8.
Nxd4 e6 9. O-O Be7 10. Be3 O-O 11. f3 a6 12. a4 Rac8 13. Rc1 Ne5 14. b3 Bd8 15.
Nde2 Ba5 16. Qd4 Bb4 17. Rfd1 Qe7 18. Kh1 Rxc4 19. bxc4 Bc5 20. Qd2 Nxc4 21.
Qa2 Nxe3 22. Rd2 d5 23. exd5 Nexd5 24. Nxd5 Nxd5 25. Rdd1 Bd6 26. g3 Qf6 27.
Qb3 h5 28. Qd3 h4 29. Rc4 hxg3 30. hxg3 g6 31. Kg2 Rd8 32. Kf2 b5 33. axb5 axb5
34. Rcc1 b4 35. Rc4 Nc3 36. Nxc3 Bxg3+ 37. Kxg3 Rxd3 38. Rxd3 bxc3 39. Rcxc3 g5
40. Rc4 Qe5+ 41. Kf2 Qh2+ 42. Ke3 Qg1+ 43. Ke2 Qh2+ 44. Ke3 Kg7 45. Rd2 Qg1+
46. Ke2 Kg6 47. Re4 Qb6 48. Kf1 f5 49. Re5 Qc6 50. Kf2 Kf6 51. Rde2 Qd6 52.
R5e3 Qd4 53. Kg2 e5 54. Ra3 g4 55. Rae3 gxf3+ 56. Kxf3 e4+ 57. Kg2 Ke5 58. Kf1
Qd1+ 59. Kg2 Kd4 60. Kf2 Qh1 61. Ra3 Ke5 62. Rae3 Kf4 63. Ra3 Qc1 64. Rae3 Qc5
65. Re1 Qa7 66. R1e2 Ke5 67. Kg2 Kd4 68. Kf2 Qc7 69. Rd2+ Ke5 70. Rde2 Qb6 71.
Kg2 Qh6 72. Kf2 Qh4+ 73. Kg2 Kd4 74. Ra3 Qg5+ 75. Kf2 Qf4+ 76. Kg2 Qg4+ 77. Kf2
Ke5 78. Rae3 Kf4 79. Ra3 Qh4+ 80. Kg2 Kg4 81. Rae3 f4 82. Rxe4 Qg3+ 83. Kf1
Qf3+ 84. Kg1 Qd3 85. Re8 Qd4+ 86. Kf1 Kf3 87. R8e7 Qd1+ 88. Re1 Qd3+ 89. R1e2
Qc4 90. Re8 Qa6 91. R8e5 Qa1+ 92. Re1 Qa2 93. R1e2 Qc4 94. Re8 Qa6 95. R8e5 Kg3
96. Kg1 f3 97. R2e3 Qa1+ 98. Re1 f2+ 99. Kf1 fxe1=Q+ 100. Rxe1 Qa6+ 101. Kg1
Qb6+ 102. Kh1 Qc6+ 0-1

[Event "Wch Juvenil 2013 sub-16"]
[Site "Al-Ain UAE"]
[Date "2013.12.24"]
[Round "8.64"]
[White "Filipets, Egor"]
[Black "Minald, Andrey"]
[Result "1/2-1/2"]
[WhiteElo "2112"]
[BlackElo "1848"]
[PlyCount "142"]
[EventDate "2013.12.19"]
[EventType "swiss"]
[EventRounds "11"]
[EventCountry "UAE"]
[Source "lmi"]
[SourceDate "2013.12.19"]

1. d4 d5 2. c4 e6 3. Nc3 Nf6 4. Bg5 c6 5. Qc2 Nbd7 6. e3 Bb4 7. cxd5 exd5 8.
Bd3 h6 9. Bh4 O-O 10. Nge2 Bd6 11. O-O-O Re8 12. Kb1 Qc7 13. h3 b5 14. g4 a5
15. Bg3 Bxg3 16. Nxg3 b4 17. Na4 Ba6 18. Rc1 Bxd3 19. Qxd3 Nb6 20. Nxb6 Qxb6
21. Qf5 Re6 22. h4 Ne8 23. g5 g6 24. Qc2 h5 25. Ne2 Rd6 26. Qc5 Qd8 27. Qc2 Nc7
28. Nf4 Ne6 29. Nxe6 Rxe6 30. Qa4 Qe8 31. Rc2 Rd6 32. Rcc1 Qe4+ 33. Qc2 Qf3 34.
Rcg1 Re6 35. Rh2 Kg7 36. Rg3 Qe4 37. Qxe4 Rxe4 38. Rg1 c5 39. dxc5 Rc4 40. Rc1
Rc8 41. Rhh1 R8xc5 42. f4 Kf8 43. Rxc4 Rxc4 44. Rd1 Rc5 45. f5 gxf5 46. Rf1 Rc4
47. Rxf5 Kg7 48. Rxd5 Rxh4 49. Rxa5 Re4 50. a4 b3 51. Ra6 Rxe3 52. Kc1 Re5 53.
Rb6 Re4 54. a5 Ra4 55. a6 Ra5 56. Kd2 h4 57. Ke2 h3 58. Kf2 Rxg5 59. a7 Ra5 60.
Rb7 Ra2 61. Rxb3 h2 62. Kg2 Rxa7 63. Kxh2 Kg6 64. Kg3 Kg5 65. Rb5+ f5 66. Rb8
Kf6 67. Kf4 Ra4+ 68. b4 Ke6 69. Rb5 Ra1 70. Ke3 Re1+ 71. Kd4 Rd1+ 1/2-1/2

[Event "Wch Juvenil 2013 sub-16"]
[Site "Al-Ain UAE"]
[Date "2013.12.24"]
[Round "8.68"]
[White "Taalaibekov, Tagir"]
[Black "Samuel, Ngieng Chew Sheng"]
[Result "1-0"]
[WhiteElo "1927"]
[BlackElo "1580"]
[PlyCount "65"]
[EventDate "2013.12.19"]
[EventType "swiss"]
[EventRounds "11"]
[EventCountry "UAE"]
[Source "lmi"]
[SourceDate "2013.12.19"]

1. d4 d6 2. e4 g6 3. g3 Bg7 4. Bg2 Nc6 5. Ne2 e5 6. dxe5 Nxe5 7. O-O Ne7 8. h3
O-O 9. Nbc3 Rb8 10. Rb1 N5c6 11. Bg5 h6 12. Be3 f5 13. f4 fxe4 14. Nxe4 Nf5 15.
Bf2 Be6 16. b3 Qd7 17. g4 Nfe7 18. Qd2 Nd5 19. c4 Nf6 20. Nxf6+ Bxf6 21. Ng3
Bg7 22. Rbe1 Rbe8 23. Be3 Kh7 24. Be4 Bf7 25. f5 Be5 26. fxg6+ Bxg6 27. Bxg6+
Kxg6 28. Qd3+ Kg7 29. Nh5+ Kg8 30. Qg6+ Bg7 31. Bxh6 Rxf1+ 32. Rxf1 Re7 33.
Nf6+ 1-0

[Event "Wch Juvenil 2013 sub-16"]
[Site "Al-Ain UAE"]
[Date "2013.12.26"]
[Round "9.1"]
[White "Paravyan, David"]
[Black "Alekseenko, Kirill"]
[Result "0-1"]
[WhiteElo "2441"]
[BlackElo "2445"]
[PlyCount "82"]
[EventDate "2013.12.19"]
[EventType "swiss"]
[EventRounds "11"]
[EventCountry "UAE"]
[Source "lmi"]
[SourceDate "2013.12.19"]

1. e4 c5 2. Nf3 Nc6 3. d4 cxd4 4. Nxd4 Qb6 5. Nb3 Nf6 6. Nc3 e6 7. Qe2 Bb4 8.
Bd2 O-O 9. a3 Be7 10. O-O-O d5 11. e5 Ne8 12. f4 f6 13. Be3 Qc7 14. exf6 Bxf6
15. Nb5 Qb8 16. g3 a6 17. N5d4 Nd6 18. Nxc6 bxc6 19. Bd4 Bxd4 20. Rxd4 Qb6 21.
Rd1 Rb8 22. Bh3 Re8 23. Qe5 c5 24. Rhe1 c4 25. Na1 Nf7 26. Qd4 Qb5 27. Bf1 Bd7
28. g4 Rec8 29. Rd2 Nd6 30. c3 Qb7 31. Kd1 Ba4+ 32. Kc1 Ne4 33. Rxe4 dxe4 34.
Bg2 Rd8 35. Qxd8+ Rxd8 36. Rxd8+ Kf7 37. Rd4 Qb8 38. Rxc4 Qxf4+ 39. Kb1 Bb5 40.
Rb4 Bd3+ 41. Ka2 Qxg4 0-1

[Event "Wch Juvenil 2013 sub-16"]
[Site "Al-Ain UAE"]
[Date "2013.12.26"]
[Round "9.2"]
[White "Dastan, Muhammed Batuhan"]
[Black "Duda, Jan-Krzysztof"]
[Result "1/2-1/2"]
[WhiteElo "2409"]
[BlackElo "2557"]
[PlyCount "154"]
[EventDate "2013.12.19"]
[EventType "swiss"]
[EventRounds "11"]
[EventCountry "UAE"]
[Source "lmi"]
[SourceDate "2013.12.19"]

1. Nf3 Nf6 2. g3 d5 3. Bg2 c6 4. O-O Bg4 5. c4 e6 6. d3 Nbd7 7. cxd5 exd5 8.
Nc3 Be7 9. h3 Bh5 10. e4 O-O 11. g4 dxe4 12. dxe4 Bg6 13. Re1 Bb4 14. e5 Nd5
15. Bd2 Nxc3 16. bxc3 Be7 17. Nd4 Nc5 18. f4 Bd3 19. Be3 Re8 20. Kh2 Bc4 21.
Qc2 g6 22. Rad1 Qc7 23. Bf2 Qa5 24. Rd2 Rad8 25. h4 Qa6 26. Red1 Bf8 27. Bg3
Qa4 28. Qxa4 Nxa4 29. Nxc6 Rxd2 30. Rxd2 Be6 31. Nxa7 Nxc3 32. Rb2 Bxg4 33.
Rxb7 Nxa2 34. Bd5 Be6 35. Bxe6 fxe6 36. Nc6 Nc3 37. Kg2 Nd5 38. Rb8 Rxb8 39.
Nxb8 Kf7 40. Nc6 Bc5 41. Kf3 Ke8 42. Na5 Kd7 43. Nb3 Bb6 44. Nd2 h5 45. Ne4 Ne7
46. Nd6 Kc6 47. Ne4 Nf5 48. Nf6 Bd8 49. Be1 Bxf6 50. exf6 Kd7 51. Ke4 Ke8 52.
Ke5 Kf7 53. Bf2 Nh6 54. Bd4 Ng4+ 55. Ke4 Ke8 56. Kf3 Kf8 57. Be5 Kf7 58. Kg3
Ne3 59. Kh2 Nf5 60. Kh3 Ke8 61. Bc3 Kd7 62. Bb4 Nh6 63. Bf8 Nf7 64. Kg3 Kc6 65.
Kf3 Kd5 66. Ke3 e5 67. Be7 Nh6 68. fxe5 Kxe5 69. Kf3 Kf5 70. Bd8 Ng4 71. Be7
Ne5+ 72. Kg3 Ke4 73. Bd6 Nf7 74. Ba3 Ke5 75. Bb2+ Kf5 76. Bc3 Nd6 77. Kf3 g5
1/2-1/2

[Event "Wch Juvenil 2013 sub-16"]
[Site "Al-Ain UAE"]
[Date "2013.12.26"]
[Round "9.3"]
[White "Karthikeyan, Murali"]
[Black "Petrosyan, Manuel"]
[Result "1-0"]
[WhiteElo "2431"]
[BlackElo "2294"]
[PlyCount "95"]
[EventDate "2013.12.19"]
[EventType "swiss"]
[EventRounds "11"]
[EventCountry "UAE"]
[Source "lmi"]
[SourceDate "2013.12.19"]

1. e4 c6 2. c4 d5 3. exd5 cxd5 4. cxd5 Nf6 5. Bb5+ Nbd7 6. Nc3 a6 7. Qa4 g6 8.
Nf3 Bg7 9. O-O O-O 10. Bxd7 Nxd7 11. d3 Nb6 12. Qb3 Bxc3 13. bxc3 Nxd5 14. c4
Nf6 15. Bb2 b5 16. cxb5 Be6 17. Qb4 axb5 18. Rfe1 Ra4 19. Qc5 Qxd3 20. Qxe7 Nd5
21. Qg5 f6 22. Qh6 Rg4 23. h3 Qxf3 24. hxg4 Qxg4 25. f3 Qf5 26. Qd2 Nf4 27. Bc1
g5 28. Qd6 Bc4 29. Bxf4 Qxf4 30. Qxf4 gxf4 31. Re4 Kf7 32. Rxf4 Be6 33. Rb4 Bd7
34. Rd1 Be6 35. Rd2 Ra8 36. Rxb5 Rxa2 37. Rb7+ Kg6 38. Rd6 Re2 39. Re7 Bc4 40.
Rc7 Be6 41. Kf1 Re5 42. Kf2 h5 43. Re7 Kf5 44. g4+ hxg4 45. fxg4+ Kxg4 46.
Rexe6 Rf5+ 47. Kg2 Kg5 48. Re3 1-0